Governance and politics in the post-crisis European Union

Αποθηκεύτηκε σε:
Λεπτομέρειες βιβλιογραφικής εγγραφής
Άλλοι συγγραφείς: Coman, Ramona (edtf), Crespy, Amandine (edtf), Schmidt, Vivien Ann, 1949- (edtf)
Μορφή: Βιβλίο
Γλώσσα:English
Δημοσίευση: Cambridge, United Kingdom ; New York, NY : Cambridge University Press, 2020.
Θέματα:
Ετικέτες: Προσθήκη ετικέτας
Δεν υπάρχουν, Καταχωρήστε ετικέτα πρώτοι!

MARC

LEADER 00000cam a2200000 a 4500
001 1/124531
008 220318s2020####enk| ||| |||| ||eng||
020 |a 9781108711777 
040 |a GR-MyUa  |b gre  |c GR-MyUa  |e AACR2 
041 0 |a eng 
082 7 |a 341.242   |2 (23)  
245 0 0 |a Governance and politics in the post-crisis European Union /   |c επιμέλεια: Ramona Coman, Amandine Crespy, Vivien A. Schmidt.  
260 |a Cambridge, United Kingdom ;   |a New York, NY :   |b Cambridge University Press,   |c 2020.  
300 |a xxiii, 420 σ. ;  |c 25 εκ.  
504 |a Περιέχει βιβλιογραφικές παραπομπές και ευρετήριο. 
610 2 0 |a European Union. 
650 0 |a Global Financial Crisis, 2008-2009  |x Pocial aspects  |z European Union countries. 
651 0 |a European Union countries  |x Politics and government  |y 21st century. 
700 1 |a Coman, Ramona,  |e edtf 
700 1 |a Crespy, Amandine,  |e edtf 
700 1 |a Schmidt, Vivien Ann,   |d 1949-  |e edtf 
970 |a Σιδερή  |b Νεκταρία  |z 2022/03/18